A vállalat beszerzési logisztikai tevékenységének elemzése

Bibliográfiai részletek
Szerző: Gömöri Boglárka Dalma
További közreműködők: Domboróczky Dr. Zoltán
Dokumentumtípus: Projektmunka
Kulcsszavak:árajánlat
beszállító(k)
beszerzés
beszerzési stratégia
beszerzési tevékenység
Online Access:http://dolgozattar.uni-bge.hu/60106

MARC

LEADER 00000nnm a2200000 i 4500
001 dolg60106
005 20260409150010.0
008 260409suuuu hu o 000 hun d
040 |a BGE Dolgozattár Repozitórium  |b hun 
041 |a hu 
100 1 |a Gömöri Boglárka Dalma 
245 1 2 |a A vállalat beszerzési logisztikai tevékenységének elemzése  |c Gömöri Boglárka Dalma  |h [elektronikus dokumentum] 
516 |a Project_work 
520 3 |a A szakdolgozatomban bemutatom a beszerzési és a hozzá kapcsolódó szerződéskötési folyamatot. Részletesen kitérek a beszerzési lépésekre: az ajánlatkérésekre, tendereztetésekre, az ajánlatok értékelésére, valamint a kiválasztott partnerrel történő szerződéskötésre. Rávilágítok arra, hogy egy beszerzési folyamatot is részben vagy akár egészben lehet automatizálni. A folyamatok gyorsítása érdekében fontos a jól kialakított jóváhagyási hierarchia. Célom egy olyan átlátható, szabályozott és hatékony beszerzési rendszer bemutatása, amely hozzájárul a vállalat gazdaságos és megbízható működéséhez. 
695 |a árajánlat 
695 |a beszállító(k) 
695 |a beszerzés 
695 |a beszerzési stratégia 
695 |a beszerzési tevékenység 
700 1 |a Domboróczky Dr. Zoltán  |e ths 
856 4 0 |u http://dolgozattar.uni-bge.hu/60106/1/A%20v%C3%A1llalat%20beszerz%C3%A9si%20logisztikai%20tev%C3%A9kenys%C3%A9g%C3%A9nek%20elemz%C3%A9se.pdf  |z Dokumentum-elérés 
856 4 0 |u http://dolgozattar.uni-bge.hu/60106/2/G%C3%B6m%C3%B6ri_Bogl%C3%A1rka_KM%20FOSZK%20b%C3%ADr%C3%A1lati%20lap.pdf  |z Dokumentum-elérés